[Event "Arber op 6th"]
[Site "Bodenmais"]
[Date "2017.07.31"]
[Round "3"]
[White "Hoffmann, Steffen"]
[Black "Desoye, Gernot"]
[Result "0-1"]
[WhiteElo "1465"]
[BlackElo "1776"]
[PlyCount "50"]
[EventDate "2017.07.29"]
[EventType "swiss"]
[EventRounds "9"]
[EventCountry "GER"]
[SourceTitle "CBM 179 Extra"]
[Source "ChessBase"]
[SourceDate "2017.08.23"]
[SourceVersion "1"]
[SourceVersionDate "2017.08.23"]
[SourceQuality "1"]

1. d4 d5 2. e3 c5 3. Bd3 Nf6 4. b3 cxd4 5. exd4 Bg4 6. Qd2 Nc6 7. c3 e6 8. h3 Bh5 9. Ne2 Bg6 10. 0-0 Bd6 11. Na3 a6 12. Nc2 0-0 13. Ne1 Qe7 14. a4 Rfd8 15. Bxg6 hxg6 16. f3 e5 17. Qd1 Nh5 18. g3 exd4 19. g4 Ng3 20. Nxg3 Bxg3 21. Kg2 Bd6 22. f4 dxc3 23. Qxd5 Bxf4 24. Qc4 Be5 25. Bf4 Rd4 0-1

[Event "Sunningdale e2e4 U1800 op 04"]
[Site "Sunningdale"]
[Date "2014.04.20"]
[Round "6"]
[White "Hoffmann, Steffen"]
[Black "Hackner, Claes M"]
[Result "0-1"]
[WhiteElo "2030"]
[BlackElo "1435"]
[PlyCount "88"]
[EventDate "2014.04.17"]
[EventType "swiss"]
[EventRounds "7"]
[EventCountry "ENG"]
[SourceTitle "EXT 2015"]
[Source "ChessBase"]
[SourceDate "2014.11.20"]
[SourceVersion "1"]
[SourceVersionDate "2014.11.20"]
[SourceQuality "1"]

1. e4 e6 2. Nc3 d5 3. Nf3 Nf6 4. exd5 exd5 5. d4 Bd6 6. Bg5 c6 7. Bd3 0-0 8. Qd2 Re8+ 9. Ne2 Bg4 10. 0-0-0 Bxf3 11. gxf3 Nbd7 12. Ng3 Qc7 13. Rhg1 b5 14. c3 Kh8 15. Rg2 a5 16. Nf5 g6 17. Bxf6+ Nxf6 18. Kb1 Bf4 19. Ne3 Bxh2 20. Rh1 Bf4 21. Qe1 Qe7 22. Nc2 Qxe1+ 23. Nxe1 Re7 24. Rgg1 Rae8 25. Nc2 Nd7 26. Rh4 Bd2 27. Rhh1 Bf4 28. b3 Nb6 29. Kb2 a4 30. b4 Nc4+ 31. Bxc4 dxc4 32. Rd1 Re2 33. Rhe1 Rxe1 34. Nxe1 Re2+ 35. Nc2 Rxf2 36. Re1 Rxf3 37. Re7 Kg7 38. Re2 h5 39. Ne1 Re3 40. Rxe3 Bxe3 41. Ng2 Bf2 42. Kc2 h4 43. Nf4 g5 44. Nh3 Be3 0-1

[Event "Seebach op 23rd"]
[Site "Grossenseebach"]
[Date "2012.06.09"]
[Round "5"]
[White "Hoffmann, Steffen"]
[Black "Wagner, Florian"]
[Result "1/2-1/2"]
[WhiteElo "1912"]
[BlackElo "2183"]
[PlyCount "51"]
[EventDate "2012.06.07"]
[EventType "swiss"]
[EventRounds "7"]
[EventCountry "GER"]
[SourceTitle "EXT 2013"]
[Source "ChessBase"]
[SourceDate "2012.11.22"]
[SourceVersion "1"]
[SourceVersionDate "2012.11.22"]
[SourceQuality "1"]

1. Nf3 Nf6 2. d4 d5 3. c4 c6 4. g3 g6 5. cxd5 Nxd5 6. Bg2 Bg7 7. 0-0 0-0 8. Nc3 Nxc3 9. bxc3 b6 10. Bf4 Bb7 11. Ne5 Bxe5 12. Bxe5 Nd7 13. Bf4 Re8 14. Qb3 e5 15. dxe5 Nxe5 16. Rfd1 Qf6 17. a4 Ba6 18. Bxe5 Rxe5 19. e3 Rae8 20. Rd7 R8e7 21. Rxe7 Rxe7 22. Rd1 Kg7 23. h4 Be2 24. Rd4 Re6 25. Rf4 Qd8 26. Rd4 1/2-1/2

[Event "Jena Fair op 8th"]
[Site "Jena"]
[Date "2008.10.16"]
[Round "4"]
[White "Schulz, Uwe"]
[Black "Hoffmann, Steffen"]
[Result "0-1"]
[WhiteElo "1971"]
[BlackElo "2070"]
[PlyCount "112"]
[EventDate "2008.10.15"]
[EventType "swiss"]
[EventRounds "9"]
[EventCountry "GER"]
[SourceTitle "EXT 2009"]
[Source "ChessBase"]
[SourceDate "2008.11.26"]
[SourceVersion "1"]
[SourceVersionDate "2008.11.26"]
[SourceQuality "1"]

1. d4 d5 2. c4 e6 3. Nc3 c5 4. e3 Nf6 5. Bd3 dxc4 6. Bxc4 Nc6 7. Nf3 a6 8. 0-0 b5 9. Bb3 Bb7 10. d5 exd5 11. Bxd5 b4 12. Bxc6+ Bxc6 13. Ne2 Bb5 14. Qxd8+ Rxd8 15. Re1 Ne4 16. Ng3 Nxg3 17. hxg3 Be7 18. e4 0-0 19. Be3 c4 20. Nd4 Bf6 21. Nxb5 axb5 22. Rab1 Rfe8 23. Bc5 Rd2 24. Bxb4 Rxb2 25. Rxb2 Bxb2 26. Re2 Bd4 27. Rd2 Rxe4 28. Bc3 Bf6 29. f3 Re8 30. Bxf6 gxf6 31. Kf2 Kg7 32. Rd5 Re5 33. Rd8 f5 34. f4 Rc5 35. Ke2 c3 36. Kd1 b4 37. Kc2 Rc4 38. Rb8 Re4 39. Kd3 Kg6 40. Rb6+ Kg7 41. Rb5 Kg6 42. Rb6+ f6 43. Rb8 h5 44. Rc8 h4 45. gxh4 Rxf4 46. a4 bxa3 47. Rxc3 Ra4 48. Rc1 Rxh4 49. Ra1 Ra4 50. Ra2 Kg5 51. Ke3 Kg4 52. Kf2 Kf4 53. Ke2 Kg3 54. Ke1 f4 55. Kf1 f3 56. Kg1 Kg4 0-1

[Event "Seebach op 19th"]
[Site "Grossenseebach"]
[Date "2008.05.25"]
[Round "7"]
[White "Martin Fernandez, Rodrigo"]
[Black "Hoffmann, Steffen"]
[Result "1-0"]
[WhiteElo "2101"]
[BlackElo "1953"]
[PlyCount "111"]
[EventDate "2008.05.25"]
[EventType "swiss"]
[EventRounds "7"]
[EventCountry "GER"]
[SourceTitle "EXT 2018"]
[Source "ChessBase"]
[SourceDate "2017.10.13"]
[SourceVersion "1"]
[SourceVersionDate "2017.10.13"]
[SourceQuality "1"]

1. d4 d5 2. c4 e6 3. Nc3 c5 4. e3 Nf6 5. Nf3 Nc6 6. b3 cxd4 7. exd4 Bb4 8. Bb2 Ne4 9. Rc1 Qa5 10. Qc2 Qxa2 11. Be2 Bxc3+ 12. Bxc3 Qxc2 13. Rxc2 Nxc3 14. Rxc3 0-0 15. 0-0 Bd7 16. Rd1 Rfd8 17. Ne1 Nb4 18. f4 g6 19. Kf2 dxc4 20. bxc4 Bc6 21. g4 Be4 22. Ke3 f5 23. gxf5 gxf5 24. Bf3 Bxf3 25. Nxf3 Rac8 26. Rg1+ Kf7 27. Rb3 a5 28. Ne5+ Kf6 29. Rb2 Rg8 30. Ra1 b6 31. Nd7+ Ke7 32. Nxb6 Rb8 33. c5 Nc6 34. Rab1 Rbd8 35. Rd2 Kf7 36. Nc4 Rb8 37. Rdb2 Rb4 38. Rxb4 axb4 39. Ne5+ Nxe5 40. dxe5 Rb8 41. Rb3 Ke7 42. Kd4 Rd8+ 43. Kc4 Rd2 44. Rxb4 Rxh2 45. Kb5 Kd7 46. Kb6 Rc2 47. Rd4+ Kc8 48. Kc6 Ra2 49. Kd6 Ra6+ 50. c6 h5 51. Kxe6 Rxc6+ 52. Kxf5 h4 53. e6 Rc7 54. Kf6 Rh7 55. e7 Rh8 56. Kg7 1-0

[Event "Leipzig VfB op 15th"]
[Site "Leipzig"]
[Date "2008.02.28"]
[Round "4"]
[White "Seifert, Volker"]
[Black "Hoffmann, Steffen"]
[Result "1/2-1/2"]
[WhiteElo "2328"]
[BlackElo "2067"]
[PlyCount "95"]
[EventDate "2008.02.26"]
[EventType "swiss"]
[EventRounds "9"]
[EventCountry "GER"]
[SourceTitle "CBM 123 Extra"]
[Source "ChessBase"]
[SourceDate "2008.05.06"]
[SourceVersion "1"]
[SourceVersionDate "2008.05.06"]
[SourceQuality "1"]

1. d4 d5 2. c4 e6 3. Nc3 c5 4. cxd5 exd5 5. Nf3 Nc6 6. g3 Nf6 7. Bg2 Be7 8. 0-0 0-0 9. Bg5 cxd4 10. Nxd4 h6 11. Be3 Re8 12. Qa4 Bd7 13. Rad1 Nb4 14. Qb3 a5 15. a4 Bg4 16. h3 Bh5 17. Ndb5 Qc8 18. Rc1 Qd7 19. Rfd1 Rac8 20. Na7 Ra8 21. Nab5 Rac8 22. g4 Bg6 23. Bf4 h5 24. g5 Nh7 25. Nxd5 Rxc1 26. Rxc1 Bxg5 27. Bxg5 Nxg5 28. Qg3 Nxh3+ 29. Bxh3 Qxd5 30. Nc7 Qd2 31. Nxe8 Qxc1+ 32. Kh2 Qxb2 33. Qe3 Nd5 34. Qg3 Qxe2 35. Nd6 Qe7 36. Nc8 Qc7 37. Nd6 Nf6 38. Qe5 Ne4 39. Nxf7 Qxe5+ 40. Nxe5 Be8 41. Bg2 Nxf2 42. Nc4 Bxa4 43. Bxb7 Bc2 44. Nxa5 Be4 45. Kg3 Bxb7 46. Nxb7 Ne4+ 47. Kf4 Nf6 48. Kg5 1/2-1/2

[Event "Apolda op 16th"]
[Site "Apolda"]
[Date "2007.08.25"]
[Round "4"]
[White "Hoffmann, Steffen"]
[Black "Heinemann, Ernst"]
[Result "1/2-1/2"]
[WhiteElo "2076"]
[BlackElo "2211"]
[PlyCount "79"]
[EventDate "2007.08.23"]
[EventType "swiss"]
[EventRounds "7"]
[EventCountry "GER"]
[SourceTitle "CBM 120 Extra"]
[Source "ChessBase"]
[SourceDate "2007.11.01"]
[SourceVersion "1"]
[SourceVersionDate "2007.11.01"]
[SourceQuality "1"]

1. Nf3 b6 2. c4 c5 3. g3 Bb7 4. Bg2 g6 5. 0-0 Bg7 6. Nc3 d6 7. e3 Nf6 8. d4 cxd4 9. Nxd4 Bxg2 10. Kxg2 0-0 11. Qf3 Na6 12. Rd1 Rc8 13. b3 Qd7 14. a4 Ng4 15. a5 Nc5 16. axb6 axb6 17. Ra3 Ne5 18. Qe2 Ra8 19. f3 Qb7 20. Ncb5 Nc6 21. Qc2 Nxd4 22. exd4 Ne6 23. Qe4 Qxe4 24. fxe4 Rxa3 25. Bxa3 Ra8 26. e5 dxe5 27. dxe5 Bxe5 28. Bxe7 Ra2+ 29. Kg1 Rc2 30. Rd3 f6 31. Bd6 Bb2 32. Re3 Rf2 33. Ba3 Bxa3 34. Nxa3 Rb2 35. Nb5 Nc5 36. Nd6 Kg7 37. Nc8 Nxb3 38. Nxb6 Nc5 39. Nd5 g5 40. Re7+ 1/2-1/2

[Event "Baltic Sea Cup"]
[Site "Ronne"]
[Date "2007.08.01"]
[Round "4.21"]
[White "Hoffmann, Steffen"]
[Black "Baekgaard, Martin"]
[Result "0-1"]
[WhiteElo "2076"]
[BlackElo "2272"]
[PlyCount "81"]
[EventDate "2007.07.30"]
[EventType "swiss"]
[EventRounds "9"]
[EventCountry "DEN"]
[SourceTitle "EXT 2023"]
[Source "ChessBase"]
[SourceDate "2022.10.05"]
[SourceVersion "1"]
[SourceVersionDate "2022.10.05"]
[SourceQuality "1"]

1. Nf3 d6 2. g3 f5 3. Bg2 Nf6 4. d3 g6 5. Nc3 Bg7 6. e4 Nc6 7. 0-0 0-0 8. a4 e5 9. exf5 Bxf5 10. a5 a6 11. Bg5 Qd7 12. Bxf6 Bxf6 13. Nd5 Bg7 14. Qd2 Rab8 15. c3 Ne7 16. Nxe7+ Qxe7 17. Ra4 Qd7 18. Rb4 c5 19. Rb6 Bf6 20. d4 Bd8 21. dxc5 Bxb6 22. cxb6 Rfd8 23. b4 Be4 24. Ne1 Bxg2 25. Nxg2 d5 26. Qg5 Qf5 27. Qe7 Rd7 28. Qc5 d4 29. Nh4 Qf6 30. Qc4+ Kh8 31. cxd4 exd4 32. Ng2 d3 33. Ne3 Qd4 34. Qxd4+ Rxd4 35. Rb1 d2 36. Kf1 Rc8 37. Rd1 Rcd8 38. b5 axb5 39. Ke2 Ra4 40. Rxd2 Rxd2+ 41. Kxd2 0-1

[Event "Baltic Sea Cup"]
[Site "Ronne"]
[Date "2007.07.31"]
[Round "2.24"]
[White "Hoffmann, Steffen"]
[Black "Carstensen, Jacob"]
[Result "0-1"]
[WhiteElo "2076"]
[BlackElo "2304"]
[PlyCount "106"]
[EventDate "2007.07.30"]
[EventType "swiss"]
[EventRounds "9"]
[EventCountry "DEN"]
[SourceTitle "EXT 2023"]
[Source "ChessBase"]
[SourceDate "2022.10.05"]
[SourceVersion "1"]
[SourceVersionDate "2022.10.05"]
[SourceQuality "1"]

1. e4 c5 2. Nf3 d6 3. d4 cxd4 4. Nxd4 Nf6 5. Nc3 a6 6. g3 e5 7. Nde2 Be7 8. Bg2 0-0 9. 0-0 b5 10. h3 Bb7 11. g4 b4 12. Nd5 Nxd5 13. exd5 Nd7 14. Ng3 Re8 15. a3 a5 16. Be3 Qc7 17. Qd2 Nb6 18. b3 Rec8 19. axb4 axb4 20. Rfd1 Rxa1 21. Rxa1 Ra8 22. Rxa8+ Bxa8 23. Qxb4 Nxd5 24. Qc4 Qxc4 25. bxc4 Nxe3 26. fxe3 Bxg2 27. Kxg2 f6 28. Kf3 Kf7 29. Ke4 Ke6 30. h4 Bd8 31. h5 g6 32. hxg6 hxg6 33. Kd3 f5 34. gxf5+ gxf5 35. e4 f4 36. Nf5 Kd7 37. Ke2 Kc6 38. Kd3 Bg5 39. Ng7 Bf6 40. Nf5 Kc5 41. Kc3 Bd8 42. Kd3 Ba5 43. Nh4 Be1 44. Nf3 Bf2 45. Nd2 Kb4 46. Nf3 Ka3 47. Ng5 Bc5 48. Nf3 Kb2 49. Ng5 Kc1 50. Nf3 Kd1 51. c3 Ba7 52. Ng5 Ke1 53. Nf3+ Kf2 0-1